000 00615nam a2200205Ia 4500
003 GCL
008 140319s9999 xx 000 0 ara d
020 _a4037811997
040 _aGCL /
_cGCL
082 0 4 _a813.03
_bت ع
100 1 _aتوفيق الحكيم
245 1 0 _aعودة الروح /
_cتوفيق الحكيم
250 _aالاولى
260 _aالقاهرة :
_bمكتبة مصر ،
_c1980
300 _a231 ص ؛
_c13سم
490 _aمكتبة توفيق الحكيم الشعبية
_v0
650 0 4 _aالادب العربى
650 0 4 _aالقصص العربية
942 _2ddc
_cBK
999 _c53582
_d53582